[Event "Titled Tue 27th May Early"]
[Site "chess.com INT"]
[Date "2025.05.27"]
[Round "1"]
[White "Sava, Robert-Gabriel"]
[Black "Nguyen, Ngoc Truong Son"]
[Result "0-1"]
[WhiteTitle "CM"]
[BlackTitle "GM"]
[WhiteElo "2155"]
[BlackElo "2632"]
[WhiteFideId "1265725"]
[BlackFideId "12401110"]
[EventDate "2025.05.27"]

1. e4 e5 2. Nc3 Nc6 3. g3 Bc5 4. Bg2 d6 5. Nge2 h5 6. h4 Bg4 7. O-O g5 8. hxg5
h4 9. d3 h3 10. Bh1 h2+ 11. Kg2 Qd7 0-1

[Event "Titled Tue 27th May Early"]
[Site "chess.com INT"]
[Date "2025.05.27"]
[Round "1"]
[White "Kosakowski, Jakub"]
[Black "Jacobsen, Mikkel Manosri"]
[Result "1-0"]
[WhiteTitle "GM"]
[BlackTitle "FM"]
[WhiteElo "2530"]
[BlackElo "2223"]
[WhiteFideId "1185080"]
[BlackFideId "1444514"]
[EventDate "2025.05.27"]

1. e4 c5 2. Nf3 Nf6 3. e5 Nd5 4. g3 Nc6 5. Bg2 g6 6. O-O Bg7 7. Re1 O-O 8. d3
Qc7 9. Nbd2 b6 10. a3 Bb7 11. c4 Nxe5 12. Nxe5 Bxe5 13. cxd5 e6 14. Nc4 Bd4 15.
Bf4 1-0

[Event "Titled Tue 27th May Early"]
[Site "chess.com INT"]
[Date "2025.05.27"]
[Round "1"]
[White "Christie, Joshua"]
[Black "Unver, Cumayi"]
[Result "1-0"]
[WhiteTitle "FM"]
[WhiteElo "2213"]
[BlackElo "2012"]
[WhiteFideId "7402074"]
[BlackFideId "6304940"]
[EventDate "2025.05.27"]

1. c4 Nf6 2. Nc3 g6 3. g3 Bg7 4. Bg2 O-O 5. Nf3 d6 6. O-O Nc6 7. d4 Bf5 8. b3
Ne4 9. Bb2 Nxc3 10. Bxc3 Be4 11. Qd2 e5 12. dxe5 Nxe5 13. Nxe5 Bxg2 14. Kxg2
Bxe5 15. Bxe5 dxe5 16. Rad1 Re8 17. Qe3 Qe7 18. Rd2 b6 19. Rfd1 Qf6 20. Rd7 Re7
21. Qf3 Kg7 22. Qxa8 1-0

[Event "Titled Tue 27th May Early"]
[Site "chess.com INT"]
[Date "2025.05.27"]
[Round "1"]
[White "Gyurjinyan, Valter"]
[Black "Chen, Austin"]
[Result "1-0"]
[WhiteTitle "CM"]
[BlackTitle "CM"]
[WhiteElo "2208"]
[BlackElo "1849"]
[WhiteFideId "13318179"]
[BlackFideId "3232638"]
[EventDate "2025.05.27"]

1. e4 c6 2. d3 d5 3. Nd2 e5 4. Ngf3 Bd6 5. d4 Nd7 6. Bd3 Ngf6 7. O-O O-O 8. Re1
Re8 9. c3 exd4 10. cxd4 dxe4 11. Nxe4 Nxe4 12. Bxe4 Nf6 13. Bg5 h6 14. Bxf6 Qxf6
15. Bh7+ Kxh7 16. Rxe8 a5 17. Qe2 b6 18. Re1 Ba6 19. Qe4+ 1-0

[Event "Titled Tue 27th May Early"]
[Site "chess.com INT"]
[Date "2025.05.27"]
[Round "1"]
[White "Fontaine, Quentin"]
[Black "Germanovs, Georgijs"]
[Result "0-1"]
[WhiteTitle "FM"]
[BlackTitle "CM"]
[WhiteElo "2314"]
[BlackElo "2255"]
[WhiteFideId "230804"]
[BlackFideId "11609710"]
[EventDate "2025.05.27"]

1. d4 Nf6 2. Nf3 c5 3. e3 d5 4. c3 Nc6 5. Nbd2 g6 6. dxc5 a5 7. Bb5 Bd7 8. a4
Bg7 9. Nb3 O-O 10. O-O Re8 11. Nbd4 e5 12. Nxc6 bxc6 13. Be2 Ne4 14. b4 Nxc3 15.
Qc2 axb4 16. Bb2 Qa5 17. Bxc3 bxc3 18. Rfc1 d4 0-1

[Event "Titled Tue 27th May Early"]
[Site "chess.com INT"]
[Date "2025.05.27"]
[Round "1"]
[White "Golubova, Anna"]
[Black "Lavorgna, Giovanni"]
[Result "1-0"]
[WhiteTitle "WIM"]
[BlackTitle "CM"]
[WhiteElo "2112"]
[BlackElo "1902"]
[WhiteFideId "24173606"]
[BlackFideId "11800100"]
[EventDate "2025.05.27"]

1. d4 Nf6 2. Nf3 g6 3. g3 Bg7 4. Bg2 c5 5. dxc5 O-O 6. O-O Na6 7. c4 Nxc5 8. Nc3
d6 9. Be3 Ng4 10. Bd4 e5 11. Bxc5 dxc5 12. Nd5 Be6 13. e4 Bxd5 14. cxd5 f5 15.
Nd2 f4 16. Qxg4 1-0

[Event "Titled Tue 27th May Early"]
[Site "chess.com INT"]
[Date "2025.05.27"]
[Round "1"]
[White "Vlassov, Nikolai"]
[Black "Toroptseva, Yevheniia"]
[Result "1-0"]
[WhiteTitle "IM"]
[BlackTitle "WFM"]
[WhiteElo "2291"]
[BlackElo "2064"]
[WhiteFideId "4103360"]
[BlackFideId "34109374"]
[EventDate "2025.05.27"]

1. e4 c5 2. c3 d5 3. exd5 Nf6 4. d4 cxd4 5. Nf3 Bg4 6. Qa4+ Qd7 7. Bb5 Nc6 8.
dxc6 Qe6+ 9. Be3 O-O-O 10. Nxd4 Qd6 11. Qxa7 Qb8 12. cxb7+ Kc7 13. Qc5+ Kxb7 14.
Qc6+ Ka7 15. Qa6# 1-0

[Event "Titled Tue 27th May Early"]
[Site "chess.com INT"]
[Date "2025.05.27"]
[Round "1"]
[White "Slate, Kent"]
[Black "Pavlidou, Ekaterini"]
[Result "1-0"]
[BlackTitle "WIM"]
[WhiteElo "2082"]
[BlackElo "2198"]
[WhiteFideId "30961564"]
[BlackFideId "4213262"]
[EventDate "2025.05.27"]

1. e4 c5 2. Nf3 Nc6 3. g3 g6 4. Bg2 Bg7 5. O-O d6 6. c3 Bg4 7. h3 Bxf3 8. Bxf3
e6 9. Re1 Nge7 10. Na3 O-O 11. Nc2 b5 12. d4 Rc8 13. d5 Ne5 14. Bg2 c4 15. Nd4
Nd3 16. Rf1 e5 17. Nxb5 Qb6 18. a4 f5 19. Be3 Rc5 20. b4 f4 21. bxc5 dxc5 22.
Bd2 g5 23. Qg4 Kh8 24. Qe6 Qd8 25. Nd6 Qe8 26. Nxe8 1-0

[Event "Titled Tue 27th May Early"]
[Site "chess.com INT"]
[Date "2025.05.27"]
[Round "1"]
[White "Tursunalieva, Nurelina"]
[Black "Shamatava, Nikolozi"]
[Result "1-0"]
[WhiteTitle "WCM"]
[BlackTitle "FM"]
[WhiteElo "1810"]
[BlackElo "2272"]
[WhiteFideId "13817329"]
[BlackFideId "13619950"]
[EventDate "2025.05.27"]

1. e4 c5 2. d4 cxd4 3. c3 dxc3 4. Nxc3 Nc6 5. Nf3 d6 6. Bc4 a6 7. O-O Qc7 8. Qe2
Nf6 9. Be3 Bg4 10. Nd5 Ne5 11. Nxc7+ Kd8 12. Nxa8 e6 13. Bb6+ Kc8 14. Rac1 Kb8
15. Nc7 Be7 16. h3 Bh5 17. Nxa6+ bxa6 18. Bxa6 g5 19. Bc7+ Ka7 20. Qe3+ Ka8 21.
Bb7+ Kxb7 22. Qb6+ Kc8 23. Bxd6+ Nc4 24. Rxc4+ Kd7 25. Qc7+ Ke8 26. Qxe7# 1-0

[Event "Titled Tue 27th May Early"]
[Site "chess.com INT"]
[Date "2025.05.27"]
[Round "1"]
[White "Nagare Kaivalya Sandip"]
[Black "Pullela, Sricharan"]
[Result "1-0"]
[WhiteTitle "FM"]
[WhiteElo "2321"]
[BlackElo "2144"]
[WhiteFideId "25957929"]
[BlackFideId "30951089"]
[EventDate "2025.05.27"]

1. e4 c5 2. Nf3 Nc6 3. Bb5 e6 4. Bxc6 bxc6 5. O-O Qc7 6. Re1 e5 7. c3 Ne7 8. d4
cxd4 9. cxd4 Ng6 10. dxe5 Nxe5 11. Bf4 Nxf3+ 12. Qxf3 Qb6 13. Nc3 Be7 14. Qg3 g6
15. Nd5 cxd5 16. exd5 Kd8 17. d6 Bf6 18. Be5 Bxe5 19. Qxe5 1-0

[Event "Titled Tue 27th May Early"]
[Site "chess.com INT"]
[Date "2025.05.27"]
[Round "1"]
[White "Shukhman, Anna"]
[Black "Montiel, Angel Nathanael"]
[Result "1-0"]
[WhiteTitle "WGM"]
[BlackTitle "CM"]
[WhiteElo "2413"]
[BlackElo "2011"]
[WhiteFideId "54180058"]
[BlackFideId "3706923"]
[EventDate "2025.05.27"]

1. e4 d6 2. d4 g6 3. Nc3 Bg7 4. f4 e6 5. Nf3 Ne7 6. Bd3 O-O 7. O-O f5 8. e5 d5
9. Be3 Nd7 10. Bf2 b6 11. Bh4 Rf7 12. Ng5 Nf8 13. Nxf7 Kxf7 14. Ne2 c5 15. c4
Bb7 16. Rc1 Rc8 17. Nc3 cxd4 18. Nb5 dxc4 19. Nd6+ Kg8 20. Nxb7 Qd5 21. Nd6 cxd3
22. Nxc8 Nc6 23. Rxc6 Qxc6 24. Ne7+ 1-0

[Event "Titled Tue 27th May Early"]
[Site "chess.com INT"]
[Date "2025.05.27"]
[Round "1"]
[White "Hon, Eric"]
[Black "Lai, Duc Minh"]
[Result "1-0"]
[WhiteElo "1962"]
[BlackElo "2072"]
[WhiteFideId "2097117"]
[BlackFideId "12420387"]
[EventDate "2025.05.27"]

1. e4 c5 2. Nf3 g6 3. d4 cxd4 4. Qxd4 Nf6 5. c4 Nc6 6. Qd3 d6 7. Nc3 Bg7 8. h3
O-O 9. Be2 a5 10. O-O a4 11. Bg5 Be6 12. b3 h6 13. Be3 Nd7 14. Rab1 axb3 15.
axb3 Nc5 16. Bxc5 Nb4 17. Bxb4 1-0

[Event "Titled Tue 27th May Early"]
[Site "chess.com INT"]
[Date "2025.05.27"]
[Round "1"]
[White "Nakonechnyi, Oleksii"]
[Black "Grahn, Vidar"]
[Result "1/2-1/2"]
[WhiteTitle "CM"]
[BlackTitle "FM"]
[WhiteElo "2224"]
[BlackElo "2241"]
[WhiteFideId "34173714"]
[BlackFideId "1744780"]
[EventDate "2025.05.27"]

1. e4 c5 2. Nf3 e6 3. d4 cxd4 4. Nxd4 Nc6 5. Nxc6 bxc6 6. Bd3 Nf6 7. O-O d5 8.
Nd2 Qc7 9. Qe2 Bd6 10. g3 O-O 11. f4 dxe4 12. Nxe4 Nxe4 13. Qxe4 g6 14. b3 Bb7
15. Bb2 Qb6+ 16. Bd4 c5 17. Qe2 cxd4 18. Rae1 Qc6 19. Be4 Qxe4 20. Qxe4 Bxe4 21.
Rxe4 Rac8 22. Re2 Rc3 23. Rd1 Rfc8 24. Rdd2 Bc5 25. Kg2 Bb6 26. a4 a5 27. Kh3
Kg7 28. Kg4 h5+ 29. Kh3 Re3 30. Rg2 Rcc3 31. Rge2 Rxe2 32. Rxe2 d3 33. cxd3 Rxd3
34. Rb2 Bd4 35. Rb1 Bc3 36. Rc1 Bb4 37. Rb1 Rd2 38. g4 Rd3+ 39. Kh4 Be7+ 40. g5
Bc5 41. Rb2 Bd4 42. Re2 Rxb3 43. f5 exf5 44. h3 Bc5 45. Rc2 Bd6 46. Rc3 Rxc3 1/2-1/2

[Event "Titled Tue 27th May Early"]
[Site "chess.com INT"]
[Date "2025.05.27"]
[Round "1"]
[White "Stamatiou, Rodolfos"]
[Black "Gonzalez Vega, Alejandro"]
[Result "1-0"]
[WhiteTitle "FM"]
[BlackTitle "FM"]
[WhiteElo "2269"]
[BlackElo "2092"]
[WhiteFideId "25826530"]
[BlackFideId "3510042"]
[EventDate "2025.05.27"]

1. e4 c5 2. Nf3 a6 3. c4 d6 4. d4 cxd4 5. Nxd4 Nf6 6. Nc3 e6 7. Be3 Nbd7 8. Be2
Qc7 9. O-O b6 10. f3 Bb7 11. Qe1 Rc8 12. Qf2 Be7 13. Rac1 Qb8 14. b4 O-O 15.
Rfd1 Rfe8 16. Rc2 Bd8 17. Rdc1 Bc7 18. g3 Qa8 19. g4 h6 20. h4 d5 21. g5 hxg5
22. hxg5 Bg3 23. Qxg3 1-0

[Event "Titled Tue 27th May Early"]
[Site "chess.com INT"]
[Date "2025.05.27"]
[Round "1"]
[White "Mayorau, Mikita1"]
[Black "Andreikin, Dmitry"]
[Result "0-1"]
[WhiteTitle "GM"]
[BlackTitle "GM"]
[WhiteElo "2472"]
[BlackElo "2695"]
[WhiteFideId "13501720"]
[BlackFideId "4158814"]
[EventDate "2025.05.27"]

1. e4 c5 2. Nf3 Nc6 3. Bb5 Nf6 4. Qe2 e5 5. c3 Bd6 6. O-O O-O 7. d3 Re8 8. h3
Ne7 9. Nbd2 Bc7 10. a4 a6 11. Bc4 Ng6 12. Re1 d5 13. exd5 Nxd5 14. Ne4 Ndf4 15.
Qc2 Bf5 16. Nxc5 Qc8 17. Ne4 Bxh3 18. Bxf4 Bxg2 19. Kxg2 Nxf4+ 20. Kf1 Qh3+ 21.
Kg1 Qg2# 0-1

[Event "Titled Tue 27th May Early"]
[Site "chess.com INT"]
[Date "2025.05.27"]
[Round "1"]
[White "Vykouk, Jan"]
[Black "Radnaev, Nomin"]
[Result "1-0"]
[WhiteTitle "IM"]
[BlackTitle "CM"]
[WhiteElo "2496"]
[BlackElo "2139"]
[WhiteFideId "349658"]
[BlackFideId "1656341"]
[EventDate "2025.05.27"]

1. e4 c5 2. Nf3 d6 3. d4 cxd4 4. Nxd4 g6 5. Nc3 Bg7 6. Be3 Nc6 7. Qd2 Nf6 8. f3
O-O 9. O-O-O d5 10. exd5 Nxd5 11. Nxc6 bxc6 12. Bd4 e5 13. Bc5 Re8 14. Bc4 Be6
15. h4 Nf4 16. Qxd8 Raxd8 17. Rxd8 Rxd8 18. Bxe6 Nxe6 19. Bxa7 Nf4 20. g3 Nh5
21. Bf2 Bh6+ 22. Kb1 Rd2 23. Rf1 Nf6 24. a4 Bf8 25. Ne4 Nxe4 26. fxe4 Re2 27. a5
Rxe4 28. b3 c5 29. a6 Rb4 30. a7 Rb8 31. axb8=Q 1-0

[Event "Titled Tue 27th May Early"]
[Site "chess.com INT"]
[Date "2025.05.27"]
[Round "1"]
[White "Arslanov, Shamil"]
[Black "Jval Saurin Patel"]
[Result "1-0"]
[WhiteTitle "IM"]
[BlackTitle "FM"]
[WhiteElo "2410"]
[BlackElo "2334"]
[WhiteFideId "4192826"]
[BlackFideId "25968343"]
[EventDate "2025.05.27"]

1. d4 Nf6 2. f3 d5 3. e4 dxe4 4. Nc3 Bf5 5. fxe4 Nxe4 6. Qf3 Nd6 7. Bf4 e6 8.
O-O-O Nd7 9. g4 Bg6 10. Qe3 Nf6 11. g5 Nf5 12. Qe2 Nd5 13. Qb5+ c6 14. Qxb7 Nxf4
15. Qxc6+ Qd7 16. Qxa8+ Ke7 17. Bb5 1-0

[Event "Titled Tue 27th May Early"]
[Site "chess.com INT"]
[Date "2025.05.27"]
[Round "1"]
[White "Kochiev, Ivan"]
[Black "Sobek, Jaroslav"]
[Result "1-0"]
[WhiteTitle "CM"]
[BlackTitle "FM"]
[WhiteElo "2138"]
[BlackElo "2195"]
[WhiteFideId "2917890"]
[BlackFideId "301388"]
[EventDate "2025.05.27"]

1. f4 d5 2. Nf3 c5 3. b3 Nc6 4. Bb2 Nf6 5. g3 Bg4 6. Bg2 Bxf3 7. Bxf3 e6 8. O-O
Be7 9. e3 O-O 10. d3 Ne8 11. e4 dxe4 12. dxe4 Nd4 13. Bg2 Nf6 14. Nd2 Rb8 15. a4
b6 16. Nc4 Qc7 17. Kh1 Rfd8 18. Qc1 a6 19. Rd1 Ng4 20. Rd2 Ne3 21. Nxe3 1-0

[Event "Titled Tue 27th May Early"]
[Site "chess.com INT"]
[Date "2025.05.27"]
[Round "1"]
[White "Butti, Enrique"]
[Black "Medhus, Vitus Bondo"]
[Result "0-1"]
[WhiteTitle "CM"]
[BlackTitle "FM"]
[WhiteElo "1998"]
[BlackElo "2384"]
[WhiteFideId "3700470"]
[BlackFideId "1462547"]
[EventDate "2025.05.27"]

1. d4 e6 2. Nf3 c5 3. e3 Nf6 4. Bd3 b6 5. O-O Bb7 6. b3 Nc6 7. Bb2 cxd4 8. exd4
Be7 9. a3 O-O 10. Nbd2 Nd5 11. g3 f5 12. c4 Nf6 13. d5 exd5 14. Bxf5 dxc4 15.
Nxc4 d5 16. Be6+ Kh8 17. Nce5 Qe8 18. Re1 Ne4 19. Bxd5 Nxe5 20. Nxe5 Nxf2 21.
Qd4 Bc5 22. Nf7+ Qxf7 23. Bxf7 Bxd4 24. Bxd4 Nh3+ 0-1

[Event "Titled Tue 27th May Early"]
[Site "chess.com INT"]
[Date "2025.05.27"]
[Round "1"]
[White "Klukin, Kirill"]
[Black "Bauml, Broderick Kenneth"]
[Result "1-0"]
[WhiteTitle "IM"]
[WhiteElo "2407"]
[BlackElo "2089"]
[WhiteFideId "24199273"]
[BlackFideId "30972477"]
[EventDate "2025.05.27"]

1. d4 Nf6 2. Nf3 e6 3. e3 b6 4. Bd3 Bb7 5. O-O d5 6. b3 Bd6 7. Bb2 O-O 8. c4
Nbd7 9. cxd5 exd5 10. Nc3 Re8 11. Rc1 a6 12. Qc2 h6 13. Ne2 c5 14. Ng3 Rc8 15.
Qb1 Bf8 16. Bf5 g6 17. Bh3 h5 18. dxc5 bxc5 19. Bxf6 Nxf6 20. Bxc8 Bxc8 21. Rfd1
Bb7 22. Qb2 d4 23. exd4 Bxf3 24. gxf3 cxd4 25. Qxd4 Qe7 26. Re1 Qxe1+ 27. Rxe1
Rxe1+ 28. Kg2 Bg7 29. h4 Re6 30. Qc4 Kh7 31. Ne4 Nd7 32. Ng5+ 1-0

[Event "Titled Tue 27th May Early"]
[Site "chess.com INT"]
[Date "2025.05.27"]
[Round "1"]
[White "Kopczynski, Michal"]
[Black "Papacek, Stepan"]
[Result "1-0"]
[WhiteTitle "CM"]
[BlackTitle "FM"]
[WhiteElo "2225"]
[BlackElo "2225"]
[WhiteFideId "1124200"]
[BlackFideId "301035"]
[EventDate "2025.05.27"]

1. e4 e6 2. d4 d5 3. e5 c5 4. dxc5 Nc6 5. f4 Bxc5 6. Nf3 Nge7 7. Bd3 h6 8. Nc3
a6 9. Qe2 O-O 10. Bd2 b5 11. O-O-O b4 12. Na4 Ba7 13. g4 Bd7 14. g5 h5 15. g6
Nxg6 16. Ng5 Ncxe5 17. fxe5 Bxa4 18. Qxh5 Re8 19. Bxg6 fxg6 20. Qh7+ Kf8 21.
Rdf1+ 1-0

[Event "Titled Tue 27th May Early"]
[Site "chess.com INT"]
[Date "2025.05.27"]
[Round "1"]
[White "De Sousa, Antonio Micaias Silva"]
[Black "Aarit Kapil"]
[Result "1/2-1/2"]
[BlackTitle "CM"]
[WhiteElo "2007"]
[BlackElo "2098"]
[WhiteFideId "22798528"]
[BlackFideId "33408947"]
[EventDate "2025.05.27"]

1. e4 c5 2. Nf3 d6 3. d4 cxd4 4. Nxd4 Nf6 5. f3 g6 6. c4 Bg7 7. Nc3 O-O 8. Be3
Nc6 9. Qd2 Bd7 10. Be2 Rc8 11. O-O Ne5 12. b3 a6 13. Rac1 Qc7 14. Nd5 Nxd5 15.
cxd5 Qb8 16. Rxc8 Rxc8 17. Rc1 Rxc1+ 18. Qxc1 Qc8 19. Qxc8+ Bxc8 20. Kf1 f5 21.
h3 fxe4 22. fxe4 Nd7 23. Ne6 Nf6 24. Nxg7 Kxg7 25. Bf3 Kf7 26. Bd4 Nd7 27. Bg4
Ke8 28. Bxd7+ Bxd7 29. a4 Kf7 30. a5 g5 31. b4 h5 32. Kf2 Bb5 33. g3 Bd3 34. Ke3
Bb1 35. h4 gxh4 36. gxh4 e6 37. dxe6+ Kxe6 38. Kf4 Bd3 39. Bb6 Bc2 40. Bd4 Kd7
41. e5 dxe5+ 42. Kxe5 Kc6 43. Bc5 Bd1 44. Be7 Bg4 45. Kf4 Bd1 46. Kg5 1/2-1/2

[Event "Titled Tue 27th May Early"]
[Site "chess.com INT"]
[Date "2025.05.27"]
[Round "1"]
[White "Sadykov, Ramil"]
[Black "Zhauynbay, Alimzhan"]
[Result "0-1"]
[WhiteTitle "FM"]
[BlackTitle "CM"]
[WhiteElo "2264"]
[BlackElo "2077"]
[WhiteFideId "24113590"]
[BlackFideId "13782657"]
[EventDate "2025.05.27"]

1. d4 Nf6 2. Nf3 g6 3. c4 Bg7 4. Nc3 d6 5. Bg5 h6 6. Bh4 g5 7. Bg3 Nh5 8. e3 c5
9. d5 Nxg3 10. hxg3 Bxc3+ 11. bxc3 Kd7 12. a4 Kc7 13. a5 e5 14. Be2 f5 15. Nd2
Nd7 16. g4 f4 17. Ne4 fxe3 18. fxe3 Nf6 19. Ng3 e4 20. O-O Qe7 21. Nf5 Qe5 22.
Qa4 Bd7 23. Qb3 h5 24. Rab1 Rab8 25. Qd1 hxg4 26. Bxg4 Nxg4 27. Qxg4 Qh2+ 28.
Kf2 Bxf5 29. Qxg5 Rhg8 30. Qe7+ Bd7 31. Rg1 Rbf8+ 32. Ke2 Rxg2+ 0-1

[Event "Titled Tue 27th May Early"]
[Site "chess.com INT"]
[Date "2025.05.27"]
[Round "1"]
[White "Aakash, G"]
[Black "Do Carmo, Gabriel Carckeno"]
[Result "1-0"]
[WhiteTitle "FM"]
[WhiteElo "2114"]
[BlackElo "2021"]
[WhiteFideId "25644394"]
[BlackFideId "22783024"]
[EventDate "2025.05.27"]

1. b3 d5 2. Bb2 Nc6 3. Nf3 Bf5 4. e3 e6 5. Bb5 Ne7 6. O-O a6 7. Be2 h6 8. c4 Nb4
9. Nd4 c5 10. Nxf5 Nxf5 11. Nc3 d4 12. Ne4 d3 13. Bg4 h5 14. Bxf5 exf5 15. Ng3
Qg5 16. Qf3 h4 17. Nxf5 h3 18. Ng3 hxg2 19. Qxg2 O-O-O 20. f4 Qg6 21. f5 Qh6 22.
f6 Bd6 23. fxg7 Rhg8 24. Rxf7 Qe6 25. Raf1 1-0

[Event "Titled Tue 27th May Early"]
[Site "chess.com INT"]
[Date "2025.05.27"]
[Round "1"]
[White "Budhidharma, Nayaka"]
[Black "Hambardzumian, Yuri"]
[Result "1-0"]
[WhiteTitle "IM"]
[BlackTitle "IM"]
[WhiteElo "2390"]
[BlackElo "2301"]
[WhiteFideId "7106955"]
[BlackFideId "13302795"]
[EventDate "2025.05.27"]

1. Nc3 e6 2. e4 d5 3. d4 dxe4 4. Nxe4 Nd7 5. Nf3 Ngf6 6. Bd3 c5 7. dxc5 Nxe4 8.
Bxe4 Nf6 9. Qxd8+ Kxd8 10. Bg5 Bxc5 11. O-O-O+ Ke7 12. Rd2 h6 13. Bxf6+ gxf6 14.
Rhd1 Bb6 15. Bxb7 Bxb7 16. Rd7+ Kf8 17. Rxb7 Bxf2 18. Rdd7 Rh7 19. c4 Rc8 20. b3
Rg7 21. g3 Kg8 22. Kd2 e5 23. Ke2 Bc5 24. Nh4 Bg1 25. Nf5 Re8 26. Nxg7 Kxg7 27.
Rxf7+ Kg6 28. h4 e4 29. g4 Rg8 30. h5+ Kg5 31. Rg7+ Rxg7 32. Rxg7+ Kf4 33. b4 f5
34. gxf5 Kxf5 35. c5 Ke6 36. Rxg1 1-0

[Event "Titled Tue 27th May Early"]
[Site "chess.com INT"]
[Date "2025.05.27"]
[Round "1"]
[White "Joseph Benher, Savio"]
[Black "Angulo Perez, Sebastian"]
[Result "1-0"]
[BlackTitle "CM"]
[WhiteElo "2115"]
[BlackElo "2026"]
[WhiteFideId "2629453"]
[BlackFideId "6544045"]
[EventDate "2025.05.27"]

1. e4 c6 2. d4 d5 3. Nc3 dxe4 4. Nxe4 Nf6 5. Ng3 g6 6. Nf3 Bg7 7. Bd3 h5 8. h3
Nbd7 9. O-O O-O 10. Bg5 Nh7 11. Bd2 Nb6 12. Qe2 Be6 13. c3 Bd5 14. Rfe1 Bxf3 15.
Qxf3 e6 16. Nxh5 gxh5 17. Bxh7+ Kxh7 18. Qxh5+ Kg8 19. Re4 Nd5 20. Rg4 f5 21.
Rg6 Nf6 22. Qh6 Rf7 23. Bg5 Kf8 24. Rxg7 Rxg7 25. Bxf6 Qd7 26. Qh8+ Kf7 27.
Qxg7+ Ke8 28. Qg8# 1-0

[Event "Titled Tue 27th May Early"]
[Site "chess.com INT"]
[Date "2025.05.27"]
[Round "1"]
[White "Arun, Siddharth"]
[Black "Piesik, Piotr"]
[Result "0-1"]
[BlackTitle "IM"]
[WhiteElo "1993"]
[BlackElo "2436"]
[WhiteFideId "2079178"]
[BlackFideId "1136194"]
[EventDate "2025.05.27"]

1. Nf3 g6 2. d4 Bg7 3. b3 c5 4. Bb2 Nc6 5. e3 d6 6. Nbd2 Nh6 7. Bb5 a6 8. Bxc6+
bxc6 9. Nc4 cxd4 10. Bxd4 O-O 11. Bxg7 Kxg7 12. Qd4+ Kg8 13. O-O-O a5 14. a4 Nf5
15. Qc3 Be6 16. g4 Ng7 17. h3 Bxc4 18. Qxc4 Rb8 19. Qc3 Rb4 20. Nd4 Rb6 21. h4
c5 22. Nf3 Rb4 23. Rdg1 Qd7 24. Nh2 h6 25. f4 c4 26. h5 cxb3 27. hxg6 Rc8 28.
gxf7+ Kxf7 29. Qd3 Rxc2+ 30. Kb1 Qxa4 0-1

[Event "Titled Tue 27th May Early"]
[Site "chess.com INT"]
[Date "2025.05.27"]
[Round "1"]
[White "Levitan, Caleb Levi"]
[Black "Lazavik, Denis"]
[Result "0-1"]
[WhiteTitle "FM"]
[BlackTitle "GM"]
[WhiteElo "2333"]
[BlackElo "2577"]
[WhiteFideId "14332620"]
[BlackFideId "13515110"]
[EventDate "2025.05.27"]

1. e4 c5 2. Nf3 e6 3. d4 cxd4 4. Nxd4 Nc6 5. Nc3 Qc7 6. g3 a6 7. Bg2 Bc5 8. Be3
Ne5 9. Qe2 b5 10. O-O Ne7 11. Rad1 O-O 12. b3 Bb6 13. Nb1 Bb7 14. f4 N5c6 15. c3
f5 16. exf5 Nxd4 17. Bxd4 Nxf5 18. Bxb6 Qxb6+ 19. Qf2 Qxf2+ 20. Rxf2 Bxg2 21.
Rxg2 Ne3 22. Rxd7 Nxg2 23. Kxg2 Rfd8 24. Re7 Rd1 25. Na3 Rd2+ 26. Kf3 Rxa2 0-1

[Event "Titled Tue 27th May Early"]
[Site "chess.com INT"]
[Date "2025.05.27"]
[Round "1"]
[White "Sabatier, Mathis"]
[Black "Vasquez Schroeder, Rodrigo"]
[Result "1-0"]
[WhiteTitle "CM"]
[BlackTitle "GM"]
[WhiteElo "2235"]
[BlackElo "2446"]
[WhiteFideId "26029685"]
[BlackFideId "3400042"]
[EventDate "2025.05.27"]

1. e4 e6 2. Nf3 d5 3. e5 c5 4. b4 b6 5. bxc5 bxc5 6. c3 Qd7 7. d4 Ba6 8. Bxa6
Nxa6 9. O-O Ne7 10. Nbd2 Nc6 11. Re1 Be7 12. Nf1 O-O 13. Ng3 Rfc8 14. Bg5 cxd4
15. cxd4 Ncb4 16. Rc1 Rxc1 17. Bxc1 Nxa2 18. Qe2 N6b4 19. Ba3 a5 20. Nd2 Nc3 21.
Qg4 Kh8 22. Nh5 Rg8 23. Re3 Ne4 24. Nxe4 dxe4 25. Qxe4 Nd5 26. Bxe7 Nxe3 27. Nf6
gxf6 28. Bxf6+ Rg7 29. Qa8+ 1-0

[Event "Titled Tue 27th May Early"]
[Site "chess.com INT"]
[Date "2025.05.27"]
[Round "1"]
[White "Terkiewicz, Bruno"]
[Black "Meshkovs, Nikita"]
[Result "0-1"]
[WhiteTitle "CM"]
[BlackTitle "GM"]
[WhiteElo "2183"]
[BlackElo "2539"]
[WhiteFideId "21093245"]
[BlackFideId "11602740"]
[EventDate "2025.05.27"]

1. d4 Nf6 2. Bf4 d5 3. e3 c5 4. Nd2 Nc6 5. Ngf3 Nh5 6. dxc5 Nxf4 7. exf4 g6 8.
c3 Bh6 9. g3 a5 10. a4 O-O 11. Bg2 b6 12. Nb3 Ba6 13. Nfd4 Nxd4 14. Qxd4 e6 15.
cxb6 Rb8 16. Nxa5 Rxb6 17. b4 Qc7 18. b5 Bg7 19. Qd3 Bxc3+ 20. Ke2 Bxa5 21. Rhc1
Qa7 22. bxa6 Rb2+ 23. Rc2 Rxc2+ 24. Qxc2 Qxa6+ 25. Qd3 Qc6 26. Qb5 Qc2+ 27. Kf1
Ra8 28. Bf3 Qc3 0-1